Statistiche per Elenca la formazione - Quiz n°243

Clicka qui per fare il quiz!

Statistiche generali

  • Questo quiz è stato fatto 50 volte
  • Il punteggio medio è 5 su 11

Statistiche sulle risposte

RuoloClub dell'epocaCalciatore% Corretto
AlaBayern MonacoArjen Robben
84%
TrequartistaInterWesley Sneijder
82%
AttaccanteArsenalRobin van Persie
80%
CentrocampistaManchester CityNigel de Jong
52%
AlaLiverpoolDirk Kuyt
48%
PortiereAjaxMaarten Stekelenburg
45%
CentrocampistaBayern MonacoMark van Bommel
45%
DifensoreFeyenoordGiovanni van Bronckhorst
16%
DifensoreEvertonJohn Heitinga
16%
DifensoreAjaxGregory van der Wiel
11%
DifensoreAmburgoJoris Mathijsen
11%

Distribuzione punteggi

Percentile per numero di risposta

Percentuale di utenti per punteggio

I tuoi punteggi nel tempo

Non hai fatto questo quiz